| 000 | 00786nam a2200265 a 4500 | ||
|---|---|---|---|
| 008 | |||
| 020 | _a0340539194 (pbk.) | ||
| 049 | _aMAIN | ||
| 090 |
_aQA276.4 _bCOO |
||
| 100 | 1 | _aCooke, D. | |
| 245 | 1 | 0 |
_aBasic statistical computing / _cD. Cooke, A.H. Craven, Geoffrey M. Clarke. |
| 250 | _a2nd ed. | ||
| 260 |
_aLondon : _bEdward Arnold, _c1990. |
||
| 300 |
_axiii, 178 p. : _bill. ; _c25 cm. |
||
| 504 | _aIncludes bibliographical references. | ||
| 500 | _aIncludes index. | ||
| 650 | 0 |
_aMathematical statistics _xData processing. |
|
| 700 | 1 | _aCraven, A.H. | |
| 700 | 1 | _aClarke, Geoffrey M. | |
| 907 |
_a.b10040547 _b29-10-15 _c17-04-03 |
||
| 003 | |||
| 005 | 20230123133441.0 | ||
| 040 | _cNUST | ||
| 942 |
_cBOOKS _kQA276.4 _mCOO |
||
| 999 |
_c148794 _d148794 |
||